| 000 | 00827nam a2200253 a 4500 | ||
|---|---|---|---|
| 003 | DO-SdBNP | ||
| 005 | 20220707130427.0 | ||
| 007 | ta | ||
| 008 | 220614e2014 dr a|||er|||| 00| fdspa d | ||
| 020 | _a9789945896022 | ||
| 040 |
_aDO-SdBNP _bspa _cBNPHU |
||
| 082 | 4 |
_222 _bS211h |
|
| 100 | 1 |
_92135 _aSánchez, Susana |
|
| 245 |
_aHa muerto la violencia. / _cSusana Sánchez, Editor, Frank Rodríguez |
||
| 260 |
_aSanto Domingo : _bUNEV, _c2014 |
||
| 300 |
_a139 p. : _bil. ; _c21 cm. |
||
| 500 | _aIncluye datos biográficos de la autora en la solapa de la cubierta. | ||
| 590 | _aInvnetariado 2022 / MF | ||
| 650 | 4 |
_924596 _aLiteratura Cristiana _xRepública Dominicana |
|
| 650 | 4 |
_9572 _aNovela Religiosa _xRepública Dominicana |
|
| 700 |
_977196 _aRodríguez B., Frank _eed. |
||
| 910 | _aMFeliz | ||
| 942 |
_2ddc _cLBS1 |
||
| 999 |
_c52038 _d52038 |
||